Nuestra América: edición crítica

محفوظ في:
التفاصيل البيبلوغرافية
المؤلفون الرئيسيون: Martí, José (autor), Vitier, Cintio (مؤلف)
التنسيق: كتاب
اللغة:الإسبانية
منشور في: La Habana Centro de Estudios Martianos 1991
سلاسل:Textos Martianos breves
الموضوعات:
الوسوم: إضافة وسم
لا توجد وسوم, كن أول من يضع وسما على هذه التسجيلة!

MARC

LEADER 00000cam a2200000 a 4500
001 UCY4231
003 CL-VaPUC
005 20210903124842.0
008 950306e19910000CU |||||||||||||||||spa|d
999 |c 232148  |d 232146 
040 |c Pontificia Universidad Católica de Valparaíso 
082 0 4 |a Cu864  |b MAR  |2 21 
100 |a Martí, José  |e autor  |9 862932 
245 1 0 |a Nuestra América: edición crítica 
260 |a La Habana  |b Centro de Estudios Martianos  |c 1991 
300 |a 32 p 
490 0 |a Textos Martianos breves 
583 |a last modification  |c 20160913 11:32:24  |k Rodrigo Vera 
650 7 |a ENSAYOS CUBANOS  |2 CL-VaPUC  |9 315049 
650 7 |a FILOSOFIA POLITICA  |2 CL-VaPUC  |9 332640 
700 0 |a Vitier, Cintio  |e author  |9 332639 
942 |c BK  |2 ddc 
945 |d 19950306 00:00:00  |a mfernand 
952 |0 0  |1 0  |4 0  |6 CU_864_000000000000000_MAR_1991  |7 0  |8 P  |9 236231  |a BIBEDU  |b BIBEDU  |d 2019-11-15  |i 3035026  |o Cu864 MAR 1991  |p 3035026  |r 2019-11-15  |w 2019-11-15  |y BK  |k EDU 
952 |0 0  |1 0  |4 0  |6 CU_864_000000000000000_MAR_1991  |7 0  |8 P  |9 236232  |a BIBEDU  |b BIBEDU  |d 2019-11-15  |i 3035034  |o Cu864 MAR 1991  |p 3035034  |r 2019-11-15  |w 2019-11-15  |y BK  |k EDU